The state in constitutional and international law /

Bibliographic Details
Main Author: Crane, Robert Treat, 1880-
Format: Book
Language:English
Published: Baltimore : Johns Hopkins Press, 1907.
Series:Johns Hopkins University studies in historical and political science ; 25th ser., 6-7.
Subjects:

MARC

Tag First Indicator Second Indicator Subfields
LEADER 00000cam a2200000 4500
001 in00000227828
005 20151009081705.0
008 760108s1907 mdu 00010 engmd
010 |a  07031399  
035 |a (OCoLC)01917802 
035 |9 AAZ7053AM 
040 |a DLC  |c ZQM  |d ZQM  |d TXA  |d UtOrBLW 
049 |a TXAM  |c [10062] 
050 0 0 |a H31  |b .J6 ser. 25, nos. 6-7 
100 1 |a Crane, Robert Treat,  |d 1880- 
245 1 4 |a The state in constitutional and international law /  |c by Robert Treat Crane. 
264 1 |a Baltimore :  |b Johns Hopkins Press,  |c 1907. 
300 |a 78 pages ;  |c 25 cm. 
336 |a text  |b txt  |2 rdacontent 
337 |a unmediated  |b n  |2 rdamedia 
338 |a volume  |b nc  |2 rdacarrier 
490 1 |a Johns Hopkins University. Studies in historical and political science,  |v Series XXV, no. 6-7 
650 0 |a Political science. 
830 0 |a Johns Hopkins University studies in historical and political science ;  |v 25th ser., 6-7. 
999 |a MARS 
999 f f |s 2228dc40-f104-3935-aabf-187572f768b5  |i 9839688d-231f-3678-9cb0-125668b0f3d7  |t 0 
952 f f |p normal  |a Texas A&M University  |b College Station  |c Sterling C. Evans Library  |d Evans: Library Stacks  |t 0  |e H31 .J6 ser.25  |h Library of Congress classification  |i unmediated -- volume  |m A14802504528 
952 f f |a Texas A&M University  |b College Station  |c Sterling C. Evans Library  |d Evans: Library Stacks  |t 0  |e H31 .J6 ser.25  |h Library of Congress classification 
998 f f |a H31 .J6 ser.25  |t 0  |l Evans: Library Stacks